Chi ha paura del queer? : corpi ribelli /
I tiakina i:
| Ngā kaituhi matua: | , , |
|---|---|
| Ētahi atu kaituhi: | |
| Hōputu: | Pukapuka |
| Reo: | Itāriana |
| I whakaputaina: |
Bologna :
Odoya,
2021
|
| Rangatū: | Odoya off
|
| Ngā marau: | |
| Ngā Tūtohu: |
Kāore He Tūtohu, Me noho koe te mea tuatahi ki te tūtohu i tēnei pūkete!
|
MARC
| LEADER | 00000nam a22000007i 4500 | ||
|---|---|---|---|
| 001 | IT\ICCU\RT1\0167737 | ||
| 003 | ItRI | ||
| 005 | 20260115232125.0 | ||
| 008 | 221214s2021 it |||||| ||||| |||||c | ||
| 020 | |a 9788862887854 | ||
| 040 | |b ita |c importazione bologna sebina | ||
| 041 | 7 | |a ita |2 ISO-639-2 | |
| 082 | |a 306.76 |9 ORIENTAMENTO SESSUALE |2 23 | ||
| 100 | 1 | |a Mora, Victor |0 IT\ICCU\UBOV\058057 |4 aut | |
| 240 | 1 | 0 | |a Quién teme a lo queer? |3 IT\ICCU\RT1\1019356 |9 Mora, Victor |
| 245 | 1 | 0 | |a Chi ha paura del queer? : |b corpi ribelli / |c Victor Mora ; traduzione: Ariase Barretta ; prologo: Carmen Gonzalez Marin ; e con un intervallo di Gracia Trujillo. |
| 260 | |a Bologna : |b Odoya, |c 2021 | ||
| 300 | |a 206 p. ; |c 21 cm | ||
| 650 | 7 | |a Identità sessuale | |
| 700 | 1 | |a Barretta, Ariase |0 IT\ICCU\LO1V\394703 |4 trl | |
| 700 | 1 | |a Gonzales Marin, Carmen |0 IT\ICCU\PUVV\228903 |4 aut | |
| 700 | 1 | |a Trujillo, Gracia |0 IT\ICCU\RT1V\052101 |4 aut | |
| 790 | 1 | |a Alcázar, Víctor |3 IT\ICCU\SBNV\031726 |z Mora, Victor | |
| 830 | 0 | |a Odoya off |0 IT\ICCU\RT1\0167736 | |
| 942 | |2 ddc |c BK |n 0 | ||
| 952 | |0 0 |1 0 |4 0 |6 DOC_306_766000000000000_MOR |7 0 |9 20484 |a BO |b BO |d 2026-01-15 |i 20467 |l 0 |o DOC 306.766 MOR |p BO20467 |r 2026-01-15 23:21:25 |w 2026-01-15 |x [Sebina 5] [1 v.] |y BK |z 1 v. | ||
| 999 | |c 17484 |d 17484 | ||